Armd Battle Gp in the Quick Attk (CD-27) (Record no. 195344)
[ view plain ]
| 000 -LEADER | |
|---|---|
| fixed length control field | 00297 a2200121 4500 |
| 003 - CONTROL NUMBER IDENTIFIER | |
| control field | Nust |
| 005 - DATE AND TIME OF LATEST TRANSACTION | |
| control field | 20170207154222.0 |
| 040 ## - CATALOGING SOURCE | |
| Transcribing agency | Nust |
| 082 ## - DEWEY DECIMAL CLASSIFICATION NUMBER | |
| Classification number | 371.33 |
| 245 ## - TITLE STATEMENT | |
| Title | Armd Battle Gp in the Quick Attk (CD-27) |
| 440 ## - SERIES STATEMENT/ADDED ENTRY--TITLE | |
| Title | Armd Battle Gp in the Quick Attk (CD-27) |
| 538 ## - SYSTEM DETAILS NOTE | |
| System details note | Duration Mins 18 |
| 650 ## - SUBJECT ADDED ENTRY--TOPICAL TERM | |
| Topical term or geographic name entry element | CD No 369 |
| Location of event | CD-27 |
| Withdrawn status | Lost status | Source of classification or shelving scheme | Damaged status | Not for loan | Collection code | Permanent Location | Current Location | Date acquired | Total Checkouts | Full call number | Barcode | Date last seen | Price effective from | Koha item type |
|---|---|---|---|---|---|---|---|---|---|---|---|---|---|---|
| Military College of Signals (MCS) | Military College of Signals (MCS) | 12/12/2016 | 371.33 ARM | MCSCD-27 | 12/08/2016 | 12/12/2016 | Book |
